Surviving Hitler, Corruption and Compromise in the Third Reich (Record no. 13676)

MARC details
000 -LEADER
fixed length control field 00622nam a2200241 a 4500
020 ## - INTERNATIONAL STANDARD BOOK NUMBER
ISBN 0671636
082 00 - DEWEY DECIMAL CLASSIFICATION NUMBER
Classification number 943
Author Cutter LEB
100 ## - MAIN ENTRY--AUTHOR NAME
Author name Lebor, Adam
245 ## - TITLE STATEMENT
Title Surviving Hitler, Corruption and Compromise in the Third Reich
260 ## - PUBLICATION, DISTRIBUTION, ETC. (IMPRINT)
Place of publication New York
Name of publisher Washington Square Press
Year of publication 2000
300 ## - PHYSICAL DESCRIPTION
Number of Pages 338p
500 ## - GENERAL NOTE
General note includes index and biblioraphy
505 2# - FORMATTED CONTENTS NOTE
Formatted contents note Index
650 ## - SUBJECT ADDED ENTRY--TOPICAL TERM
Topical Term Germany-History
650 ## - SUBJECT ADDED ENTRY--TOPICAL TERM
Topical Term Roger Boyes
942 ## - ADDED ENTRY ELEMENTS (KOHA)
Koha item type Books
Holdings
Collection code Home library Current library Date acquired Cost, normal purchase price Full call number Accession Number Koha item type
  Henry Martyn Institute Library Henry Martyn Institute Library 04/02/2007 295.00 943 LEB 020745 Books
                   Copyright © 2026 | Henry Martyn Institute | Hyderabad | TS-500052 | INDIA | Implemented by hmi.edu.in
Hit-Count:

Powered by Koha